| 000 | 00775nac a22002291u 4500 | ||
|---|---|---|---|
| 010 | _a96019807 | ||
| 020 | _a0071147357 | ||
| 082 | 0 | 0 |
_a658.8 _bE859 |
| 090 |
_c1179 _d1179 |
||
| 100 | _aEtzel, Michael J. | ||
| 245 | 1 | 0 |
_aMarketing / _cMichael J. Etzel, Bruce J. Walker, William J. Stanton. |
| 250 | _a11th ed. | ||
| 260 |
_aNew York : _bMcGraw-Hill, _cc1997. |
||
| 300 |
_a624 p. : _bcol. ill. ; _c26 cm. |
||
| 504 | _aIncludes bibliographical references and indexes. | ||
| 650 | 0 | _aMarketing. | |
| 700 | 1 | _aWalker, Bruce J. | |
| 700 | 1 | _aStanton, William J. | |
| 700 | 1 | _aStanton, William J. | |
| 942 |
_cBB _k658.8E859 |
||
| 999 |
_c1179 _d1179 |
||